000 00758nam a2200265Ia 4500
003 OSt
005 20220924115335.0
006 a|||||r|||| 00| 0
007 ta
008 220923b |||||||| |||| 00| 0 urd d
020 _a9381029865 (hbk)
020 _cINR 90.00
024 _a324373
037 _b4936, 25/02/2017, Kitabi Duniya
_cTextual
040 _aARTS
_cARTS
_burd
041 _2urd
_aurd
082 _aO168,1N75x, Q3
100 _aHayat Adil Au.
_9177861
245 0 _aKhayal darya
260 _aDelhi
_bArshia publications India
_c2013
300 _a176p.
_ccm.
650 _aURDU POETRY
942 _hO168,1N75x, Q3
_cTEXL
_2CC
999 _c397913
_d397913